000 01497nam a2200469 i 4500
001 54199
003 KOSZ 005
005 20220103090024.0
008 190712s2007 pl a f f 000 0 pol
015 _aPB 2007/6503
020 _a9788371950261
035 _a991033212779705066
035 _a(PL-WaBN)b18897940-48omnis_nlop
035 _ab18897940
035 _a(OCoLC)749308274
035 _a(PL)b0000001889794
035 _a(EXLNZ-48OMNIS_NETWORK)9910216664405606
040 _aWA N
_cWA N
_dKOSZ 005/RW
041 0 _ager
_apol
046 _k1998
080 _a811.112.2'36(07)
100 1 _aBęza, Stanisław
_eAutor
245 1 0 _aNowe repetytorium z gramatyki języka niemieckiego /
_cStanisław Bęza.
250 _aWydanie 22 poszerzone.
260 _aWarszawa :
_bWydawnictwo Szkolne PWN,
_c2007.
300 _a448 stron :
_bilustracje ;
_c24 cm.
336 _aTekst
_btxt
_2rdacontent
337 _aBez urządzenia pośredniczącego
_bn
_2rdamedia
338 _aWolumin
_bnc
_2rdacarrier
380 _aKsiążki
380 _aPublikacje dydaktyczne
388 _a1901-2000
388 _a2001-
658 _aJęzykoznawstwo
650 7 _aGramatyka
655 7 _aPodręcznik
_2DBN
650 7 _aJęzyk niemiecki
_2DBN
710 2 _aWydawnictwo Szkolne PWN
_4pbl
856 _uhttp://koha.tu.koszalin.pl/cgi-bin/koha/opac-MARCdetail.pl?biblionumber=54199
_yKatalog online BPK
942 _2UKD
_cKS
999 _c54199
_d54199